000 00501nam a22001697a 4500
005 20251108165921.0
008 250721s1998 xx 000 0 ara d
082 1 4 _a025.6/عنا
100 1 _aالعناسوة، محمد علي
245 1 0 _aالإعارة في المكتبات :
_bمنهج و تطبيق و نظام /
264 1 _aعمان :
_bدار الضياء،
_c1998.
300 _a228ص
650 1 7 _aالإعارة
650 1 7 _aالمكتبات
942 _2ddc
_cBK
999 _c34761
_d34761